Políticas de privatización (Registro nro. 8552)
[ vista simple ]
| 000 -CABECERA | |
|---|---|
| Longitud fija campo de control | 01499nam a2200421 c 4500 |
| 001 - NÚMERO DE CONTROL | |
| Número de control | 8552 |
| 003 - IDENTIFICADOR DE NÚMERO DE CONTROL | |
| Identificador del número de control | ES-MaCES |
| 005 - FECHA Y HORA DE LA ÚLTIMA TRANSACCIÓN | |
| Fecha y hora de la última transacción | 20150929131152.0 |
| 008 - CAMPO FIJO DE DESCRIPCIÓN FIJA--INFORMACIÓN GENERAL | |
| Códigos de información de longitud fija | 990316s1996 sp 000 | spa d |
| 035 ## - NÚMERO DE CONTROL DEL SISTEMA | |
| Número de control del sistema | CES19990004172m |
| 040 ## - FUENTE DE CATALOGACIÓN | |
| Centro catalogador de origen | ES-MaCES |
| Lengua de catalogación | spa |
| Centro transcriptor | ES-MaCES |
| 100 1# - ENCABEZAMIENTO PRINCIPAL--NOMBRE PERSONAL | |
| Nombre de persona | Cano Soler, Diego |
| 9 (RLIN) | 8892 |
| 245 10 - MENCIÓN DE TÍTULO | |
| Título | Políticas de privatización |
| Resto del título | : aproximación teórica: experiencias prácticas y propuesta para España |
| Mención de responsabilidad, etc. | Diego Cano Soler |
| 260 ## - PUBLICACIÓN, DISTRIBUCIÓN, ETC (PIE DE IMPRENTA) | |
| Lugar de publicación, distribución, etc. | [Madrid] |
| Nombre del editor, distribuidor, etc. | D. Cano |
| Fecha de publicación, distribución, etc. | 1996 |
| 300 ## - DESCRIPCIÓN FÍSICA | |
| Extensión | 440 p. |
| Dimensiones | 31 cm |
| 490 1# - MENCIÓN DE SERIE | |
| Mención de serie | Tesis doctorales |
| 500 ## - NOTA GENERAL | |
| Nota general | Tesis-Universidad Autónoma de Madrid |
| 500 ## - NOTA GENERAL | |
| Nota general | Precede al tít.: Universidad Autónoma de Madrid, Departamento de Economía y Hacienda Pública |
| 541 ## - NOTA DE LA FUENTE INMEDIANTE DE ADQUISICIÓN | |
| Forma de adquisición | Gratuito |
| 650 #4 - ASIENTO SECUNDARIO DE MATERIA--TÉRMINO DE MATERIA | |
| Término de materia o nombre geográfico como elemento inicial | sector público |
| 9 (RLIN) | 27150 |
| 650 #4 - ASIENTO SECUNDARIO DE MATERIA--TÉRMINO DE MATERIA | |
| Término de materia o nombre geográfico como elemento inicial | intervención estatal |
| 9 (RLIN) | 29380 |
| 650 #4 - ASIENTO SECUNDARIO DE MATERIA--TÉRMINO DE MATERIA | |
| Término de materia o nombre geográfico como elemento inicial | privatización |
| 9 (RLIN) | 29788 |
| 650 #4 - ASIENTO SECUNDARIO DE MATERIA--TÉRMINO DE MATERIA | |
| Término de materia o nombre geográfico como elemento inicial | empresa pública |
| 9 (RLIN) | 27148 |
| 650 #4 - ASIENTO SECUNDARIO DE MATERIA--TÉRMINO DE MATERIA | |
| Término de materia o nombre geográfico como elemento inicial | política económica |
| 9 (RLIN) | 27025 |
| 650 #4 - ASIENTO SECUNDARIO DE MATERIA--TÉRMINO DE MATERIA | |
| Término de materia o nombre geográfico como elemento inicial | teoría económica |
| 9 (RLIN) | 27076 |
| 650 #4 - ASIENTO SECUNDARIO DE MATERIA--TÉRMINO DE MATERIA | |
| Término de materia o nombre geográfico como elemento inicial | España |
| 9 (RLIN) | 26964 |
| 650 #4 - ASIENTO SECUNDARIO DE MATERIA--TÉRMINO DE MATERIA | |
| Término de materia o nombre geográfico como elemento inicial | internacional |
| 9 (RLIN) | 26674 |
| 650 #4 - ASIENTO SECUNDARIO DE MATERIA--TÉRMINO DE MATERIA | |
| Término de materia o nombre geográfico como elemento inicial | Reino Unido |
| 9 (RLIN) | 26967 |
| 650 #4 - ASIENTO SECUNDARIO DE MATERIA--TÉRMINO DE MATERIA | |
| Término de materia o nombre geográfico como elemento inicial | estudio de casos |
| 9 (RLIN) | 28846 |
| 650 #4 - ASIENTO SECUNDARIO DE MATERIA--TÉRMINO DE MATERIA | |
| Término de materia o nombre geográfico como elemento inicial | tesis |
| 9 (RLIN) | 28995 |
| 653 10 - TÉRMINO DE INDEXACIÓN--NO CONTROLADO | |
| Término no controlado | Empresa |
| 650 #4 - ASIENTO SECUNDARIO DE MATERIA--TÉRMINO DE MATERIA | |
| 9 (RLIN) | 27071 |
| Término de materia o nombre geográfico como elemento inicial | evaluación económica |
| 710 2# - ENCABEZAMIENTO SECUNDARIO--NOMBRE CORPORATIVO | |
| Nombre de entidad o nombre de jurisdicción como elemento inicial | Universidad Autónoma de Madrid |
| Unidad subordinada | Departamento de Economía y Hacienda Pública |
| 9 (RLIN) | 5199 |
| 830 #0 - ENCABEZAMIENTO SECUNDARIO DE COLECCIÓN--TÍTULO UNIFORME | |
| Título uniforme | Tesis doctorales (Universidad Autónoma de Madrid) |
| 9 (RLIN) | 32761 |
| 902 ## - CES. TIPO DE DOCUMENTO | |
| Tipodoc (006$c Sirtex) | LIB Libro |
| 942 ## - ELEMENTOS KOHA | |
| Fuente de clasificaión o esquema | Clasificación propia del CES |
| Koha [por defecto] tipo de item | Monografías |
| Parte de clasificación | 0.0. |
| Número de registro | Signatura completa | Tipo de item de Koha |
|---|---|---|
| 029118 | TESIS 34-96 | Monografías |
